书目信息 |
| 题名: |
消防安全知识读本
|
|
| 作者: | 梁锋 , 王海勇 主编 | |
| 分册: | ||
| 出版信息: | 北京 气象出版社 2013 |
|
| 页数: | 336页 | |
| 开本: | 21cm | |
| 丛书名: | ||
| 单 册: | ||
| 中图分类: | TU998.1 | |
| 科图分类: | ||
| 主题词: | 消防 , 安全教育 , 消防--安全教育--教材 | |
| 电子资源: | ||
| ISBN: | 978-7-5029-5825-1 | |
| 000 | 00920nam0 2200265 450 | |
| 001 | 142255 | |
| 005 | 20141220135758.56 | |
| 010 | @a978-7-5029-5825-1@dCNY 28.00 | |
| 100 | @a20131209d2013 em y0chiy50 ea | |
| 101 | 0 | @achi |
| 102 | @aCN@b110000 | |
| 105 | @aa z 000yy | |
| 200 | 1 | @a消防安全知识读本@9xiao fang an quan zhi shi du ben@b专著@f梁锋,王海勇主编 |
| 210 | @a北京@c气象出版社@d2013 | |
| 215 | @a336页@c图@d21cm | |
| 300 | @a生产经营单位全员安全培训系列教材 | |
| 330 | @a本书主要讲述了消防管理相关的法律法规、燃烧与爆炸基本知识、防火防爆基本知识、企(事)业单位火灾预防、火灾扑救基本知识、安全疏散与火场逃生、火灾现场救护知识、典型火灾事故案例等内容。 | |
| 606 | 0 | @a消防 |
| 606 | 0 | @a安全教育 |
| 606 | 0 | @a消防@x安全教育@j教材 |
| 690 | @aTU998.1@v5 | |
| 701 | 0 | @a梁锋@9liang feng@4主编 |
| 701 | 0 | @a王海勇@9wang hai yong@4主编 |
| 801 | 0 | @aCN@bZL@c20141220 |
| 905 | @a241430@dTU998.1@eL401 | |
| 消防安全知识读本/梁锋,王海勇主编.-北京:气象出版社,2013 |
| 336页:图;21cm |
| 生产经营单位全员安全培训系列教材 |
| ISBN 978-7-5029-5825-1:CNY 28.00 |
| 本书主要讲述了消防管理相关的法律法规、燃烧与爆炸基本知识、防火防爆基本知识、企(事)业单位火灾预防、火灾扑救基本知识、安全疏散与火场逃生、火灾现场救护知识、典型火灾事故案例等内容。 |
| ● |
| 相关链接 |
|
|
|
正题名:消防安全知识读本
索取号:TU998.1/L401
 
预约/预借
| 序号 | 登录号 | 条形码 | 馆藏地/架位号 | 状态 | 备注 |
| 1 | 1134382 | 211343820 | 建筑库201/201建筑库 139排2列1层/ [索取号:TU998.1/L401] | 在馆 | |
| 2 | 1134383 | 211343839 | 建筑库201/201建筑库 139排2列1层/ [索取号:TU998.1/L401] | 在馆 | |
| 3 | 1134384 | 211343848 | 建筑库201/201建筑库 139排2列1层/ [索取号:TU998.1/L401] | 在馆 |